Statistics for Batman Arkham City Heroes/Villains

Click here to take the quiz!

General Stats

  • This quiz has been taken 136 times
  • The average score is 23 of 31

Answer Stats

Answer% Correct
Batman
99%
Oracle
99%
Catwoman
95%
Joker
95%
Robin
95%
Commissioner Gordon
90%
Harley Quinn
89%
Penguin
86%
Two-Face
86%
Mr. Freeze
84%
Nightwing
84%
Alfred Pennyworth
83%
Bane
83%
Ra's Al Ghul
82%
Clayface
81%
Talia Al Ghul
80%
The Riddler
80%
Killer Croc
78%
Poison Ivy
78%
Hugo Strange
76%
Deadshot
71%
Mad Hatter
71%
Victor Zsasz
64%
Hush
63%
Azrael
58%
Solomon Grundy
57%
Calendar Man
48%
Black Mask
45%
Quincy Sharp
42%
Vicki Vale
42%
Jack Ryder
40%

Score Distribution

Percentile by Number Answered

Percent of People with Each Score

Your Score History

You have not taken this quiz